000141792 001__ 141792
000141792 005__ 20240827155118.0
000141792 037__ $$aGDOC-2022-28018
000141792 041__ $$aspa
000141792 041__ $$aeng
000141792 100__ $$0(orcid)0000-0002-9719-5128$$1320939$$aMaría Sanz, Julián
000141792 24500 $$928018$$aLiteratura de la segunda lengua (Literatura alemana)
000141792 24200 $$928018$$aSecond Language Literature (German Literature)
000141792 260__ $$aZaragoza$$bUniversidad de Zaragoza$$c2022-2023
000141792 521__ $$9121$$aGraduado en Filología Hispánica$$bDegree in Spanish
000141792 540__ $$aby-nc-sa$$bCreative Commons$$c3.0$$uhttp://creativecommons.org/licenses/by-nc-sa/3.0/
000141792 830__ $$9580
000141792 8564_ $$s24324$$uhttps://zaguan.unizar.es/record/141792/files/guia-28018-es.pdf$$yGuía (idioma español)
000141792 8564_ $$s6753$$uhttps://zaguan.unizar.es/record/141792/files/guia-28018-en.pdf$$yGuide (english)
000141792 970__ $$aGDOC-2022-28018
000141792 980__ $$aGDOC$$bArts and Humanities$$bArtes y Humanidades$$c103